Harry Potter and the Deathly Hallows Chapter Titles - Statistics

General Stats
  • This quiz has been taken 279 times
  • The average score is 25 of 37
Answer Stats
Chapter # Clue Answer % Correct
8 Bill & Fleur's nuptials The Wedding
88%
16 Harry visits his birthplace. Tears. Godric's Hollow
85%
25 Bill & Fleur's place of residence Shell Cottage
84%
24 Mr Ollivander's profession The Wandmaker
84%
22 The book title The Deathly Hallows
83%
4 "We're identical!" The Seven Potters
82%
23 Snatchers bring the trio here, Dobby helps them escape Malfoy Manor
81%
31 All out war at the school The Battle of Hogwarts
81%
26 Thief, you have been warned, beware/ Of finding more than treasure there. Gringotts
80%
18 Rita Skeeter's new book The Life and Lies of Albus Dumbledore
79%
35 Harry has to make a choice to "board a train" or not King's Cross
78%
-- Everyone's older; some with oddly named children Epilogue
75%
20 Luna's a knock off the old block Xenophilius Lovegood
75%
19 A mysterious patronus The Silver Doe
73%
12 The MInistry of Magic has a new slogan Magic is Might
70%
32 Voldemort's doesn't feel as powerful as he thought he would; Snape suffers as a result The Elder Wand
70%
21 The story of the Peverell brothers The Tale of the Three Brothers
70%
29 Helena Ravenclaw has a secret The Lost Diadem
65%
1 Voldemort's regime is expanding The Dark Lord Ascending
63%
33 "Always." The Prince's Tale
63%
30 Snape's needs to find a new job now The Sacking of Severus Snape
63%
5 The Order loses a member Fallen Warrior
60%
10 R.A.B. is discovered Kreacher's Tale
60%
17 Old Batty's not quite as she appears Bathilda's Secret
59%
7 Harry gets some unexpected birthday presents The Will of Albus Dumbledore
59%
2 Dumbledore's friend writes a nice obituary In Memoriam
58%
34 The longest walk of Harry's life. The Forest Again
58%
14 Someone's stolen something and Voldemort wants it The Thief
57%
9 The trio return to Grimmauld Place A Place To Hide
55%
3 Uncle Vernon can't make up his mind The Dursleys Departing
54%
36 Voldemort is mortal The Flaw in the Plan
54%
6 A member of the Weasley household has spattergroit The Ghoul in Pajamas
50%
15 Gringotts workers are keeping a secret The Goblin's Revenge
50%
27 Harry discovers where the "last" horcrux is The Final Hiding Place
49%
13 Umbridge's pet project takes a page from the Nazis The Muggle-born Registration Commission
49%
28 Harry finds out who the eye belongs to The Missing Mirror
47%
11 Locket, locket, who's got the locket? The Bribe
45%
No matching quizzes found
Score Distribution
Percent of People with Each Score
Percentile by Number Answered
Your Score History
You have not taken this quiz